Elements of Partial Differential Equations (Record no. 87952)

MARC details
000 -LEADER
fixed length control field 00606pam a2200193 a 4500
020 ## - INTERNATIONAL STANDARD BOOK NUMBER
Terms of availability
040 ## - CATALOGING SOURCE
Original cataloging agency NMHR_425001
041 ## - LANGUAGE CODE
Language code of text/sound track or separate title eng
082 ## - DEWEY DECIMAL CLASSIFICATION NUMBER
Classification number 515.33
Item number SNE
100 ## - MAIN ENTRY--PERSONAL NAME
Personal name Sheddon, I N
245 ## - TITLE STATEMENT
Title Elements of Partial Differential Equations
Statement of responsibility, etc. by Jan Sheddon
Medium Textual Documents
250 ## - EDITION STATEMENT
Edition statement 1st ed
260 ## - PUBLICATION, DISTRIBUTION, ETC.
Place of publication, distribution, etc. London
Name of publisher, distributor, etc. McGraw-Hill Book Company
Date of publication, distribution, etc. 1957
300 ## - PHYSICAL DESCRIPTION
Extent 327p
Other physical details 176 Figures
Dimensions 20.8 x 14.8 cm
365 ## - TRADE PRICE
Price type code Rs.218.95
Price note Paper Back
500 ## - GENERAL NOTE
General note This document contains back index from page no. 323 to 327
504 ## - BIBLIOGRAPHY, ETC. NOTE
Bibliography, etc. note This document does not contain any kind of bibliography
930 ## - EQUIVALENCE OR CROSS-REFERENCE-UNIFORM TITLE HEADING [LOCAL, CANADA]
Uniform title 11049
Holdings
Withdrawn status Lost status Damaged status Not for loan Collection Home library Current library Date acquired Source of acquisition Total Checkouts Full call number Barcode Date last seen Copy number Price effective from Koha item type
          Yashwantrao Mohite College of Arts, Science And Commerce, Pune Yashwantrao Mohite College of Arts, Science And Commerce, Pune 22/06/2021 Varma Book Centeer   515.33 SNE YMP-33185 24/02/2023 1 24/02/2023 Book